000 01650cam a2200361Ia 4500
001 5420808
003 OSt
005 20170716020004.0
008 050914s2004 sg ab b 001 0 eng
020 _a2911928083 (pbk.)
020 _a9782911928086 (pbk.)
035 _a(NNC)5420808
035 _a(OCoLC)61724232
035 _a(OCoLC)ocm61724232
040 _aEEM
_cEEM
_dYBM
041 1 _aeng
_hfre
043 _af-ua---
090 _aB 141
_b.O3413 2004
100 1 _aObenga, Théophile.
_920098
240 1 0 _aPhilosophie africaine de la période pharaonique, 2780-330 avant notre ère.
_lEnglish
245 1 0 _aAfrican philosophy :
_bthe Pharaonic period, 2780-330 B.C. /
_cThéophile Obenga.
260 _a[Popenguine, Senegal] :
_bPer Ankh,
_cc2004.
300 _a671 p. :
_bill., map ;
_c22 cm.
504 _aIncludes bibliographical references (p. 621-664) and index.
505 0 _aEgyptian language and writing -- Ancient Egyptian grammar: an overview -- I. The cosmos before the present universe -- II. Ontology and cosmogenesis -- III. On time and the heavens -- IV. Ethical values -- V. On death and immortality -- VI. The intellectual vocation -- VII. Mapmaking, navigation, textile chemistry -- VIII. Astronomy -- IX. Medicine -- X. Mathematics.
546 _aOriginally published in French under title: La philosophie africaine de la période pharaonique, 2780-330 avant notre ère. Paris : L'Harmattan, c1990.
650 0 _aPhilosophy, Egyptian.
_920099
651 0 _aEgypt
_xIntellectual life.
_920100
942 _2lcc
_cBK
_08
948 0 _a20050914
_bb
_cdc21
_dMPS
948 1 _a20081017
_bc
_cmps2
_dMPS
999 _c55725
_d55699